Представление документа в формате MARC21

Поле Инд. ПП Название Значение
Тип записи a
Библиографический уровень m
001 Контрольный номер 757f7d9b-e598-4e3b-9759-24a9c59887d4
005 Дата корректировки 20131112090756.1
008 Кодируемые данные 040323
020 c Цена, тираж 40.00
040 a Служба первич. каталог. НБ ТвГУ
041 a Код языка текста rus
080 a Индекс УДК 882.09
a Индекс УДК 929Пушкин
084 a Индекс другой классификации/Индекс ББК Ш5(2=411.2)51-4Пушкин А.С.25
090 a Полочн. индекс 8Р1
x Авторский знак Р16
100 1_ a Автор Раевский Николай Алексеевич
245 10 a Заглавие Портреты заговорили
b Продолж. заглавия [Об А. С. Пушкине]
c Ответственность Н. Раевский
260 0_ a Место издания Алма-Ата
b Издательство Жазушы
c Дата издания 1974
300 a Объем 406,[2] с.
b Иллюстрации/ тип воспроизводства ил., портр.
500 a Примечание В вып. дан. авт.: Николай Александрович[!] Раевский.
504 a Библиография Библиогр. в примеч.: с.406-407.
a Библиография Библиогр. в подстроч. примеч.
583 a Действие Приписка 110 17.03.2004
k Исполнитель действия ООО "Букинист"
650 a Основная рубрика Пушкин, Александр Сергеевич, о нем
650 a Основная рубрика Русская литература
x Основная подрубрика История
y Хронологическая подрубрика 19 в.
650 a Основная рубрика Литературные разыскания
653 a Ключевые слова Литературные разыскания
a Ключевые слова Писатели
a Ключевые слова Поэты
a Ключевые слова Пушкин
a Ключевые слова Русская литература
a Ключевые слова Русские писатели
a Ключевые слова Русские поэты
a Ключевые слова Современники Пушкина
a Ключевые слова Фикельмон
a Ключевые слова Персоналии
852 p Инвентарный номер 401751
p Инвентарный номер 401752
p Инвентарный номер 401753
p Инвентарный номер 565753
p Инвентарный номер 610056
t Порядковый номер экземпляра 5
888 a За счет средств университета
930 a Новая/Ретро персоналии
952 p 110.2004 40.00 1 780234
c Вид литературы К рн
954 a Дата поступления на обработку 20040409
999 a Подразделение 2 аб.